000 00621nam a2200229Ia 4500
003 OSt
005 20220918175634.0
006 a|||||r|||| 00| 0
007 ta
008 220917b |||||||| |||| 00| 0 eng d
024 _a18,353
037 _cTextual
040 _aARTS
_cARTS
_beng
041 _2eng
_aeng
082 _aO111,1M88x, K3
100 _aEliot Thomas Stearns
_954610
245 0 _aCollected poems 1909-1962
260 _aLondon
_bFaber and Faber UK
_c1963
650 _aENGLISH LITERATURE
942 _hO111,1M88x, K3
_cTEXL
_2CC
999 _c158479
_d158479